000 00228nam a2200097Ia 4500
001 1194634
005 20250827021732.0
008 250824s9999 xx 000 0 und d
245 0 _aVUKUAT VAR
_cORHA
260 _bEVEREST YAYINLARI
999 _c1194634
_d1194634